| 000 | 00607nam a2200217Ia 4500 | ||
|---|---|---|---|
| 003 | GCL | ||
| 008 | 140319s9999 xx 000 0 eng d | ||
| 040 |
_aGCL / _cGCL |
||
| 082 | 0 | 4 |
_a956.04 _bP M |
| 100 | 1 | _aPAPPE, ILAN | |
| 245 | 1 | 0 |
_aTHE MAKING OF THE ARAB-ISRAELI CONFLICT 1947-1951 / _cPAPPE, ILAN |
| 260 |
_a[S.N] : _bI.B. TAURIS & CO LTD PUBLISHERS ، _c1994 |
||
| 300 | _a324 | ||
| 650 | 0 | 4 | _aPALESTINAN ARABS |
| 650 | 0 | 4 | _aISRAEL - ARAB CONFLICT |
| 650 | 0 | 4 | _aISRAEL |
| 650 | 0 | 4 | _aARABIC CONFLICTS |
| 650 | 0 | 4 | _aARAB COUNTRIES - HISTORY |
| 650 | 0 | 4 | _aPALESTINE - HISTORY |
| 942 |
_2ddc _cBK |
||
| 999 |
_c25592 _d25592 |
||